000 01470nam a22004337a 4500
001 0024621
003 KOHA_MİRAKIL
005 20260207002444.0
007 ta
008 101112b2006 tu |||grd|||#0|||0|tur |
020 _a9755919120
_c9,3800000000000008
040 _aTR-BiSEU
_btur
_cTR-BiSEU
_erda
041 0 _atur
044 _ctu
050 _aJQ1801.A25
_bN3 2006
100 1 _aNeziroğlu, İrfan.
245 1 _aParlamento terimleri sözlüğü/
_cİrfan Neziroğlu ; İrfan Neziroğlu.
250 _a 2. bs.
264 1 _aAnkara :
_bNobel
_c2006
300 _aX, 354 sayfa; 20 cm.
336 _ametin
_btxt
_2rdacontent
337 _aaracısız
_bn
_2rdamedia
338 _acilt
_bnc
_2rdacarrier
490 1 _aNobel yayın no.
490 1 _a ;
_v927.
490 1 _aHukuk yayınları dizisi ;
_v40.
500 _aDışkapakta : Türkçe-İngilizce-Türkçe Parlamento terimleri sözlüğü.
650 0 _aTurkish language--Dictionaries--English.
_93196
650 0 _aTürk dili--Sözlülker--İngilizce.
_950130
650 0 _aEnglish language--Dictionaries--Turkish.
_93195
650 0 _aİngiliz dili--Sözlükler--Türkçe.
_93194
650 0 _aParliamentary practice--Turkey--Terminology.
_950131
650 0 _aMeclis uygulamaları--Türkiye--Terminoloji.
_950132
830 1 _aNobel yayın no.
_91940
830 1 _a ;
_v927.
_91620
830 1 _aHukuk yayınları dizisi ;
_v40.
_925245
907 _aSözlük
942 _2lcc
_cBK
999 _c24572
_d24572